| 000 | 00552nam a2200205Ia 4500 | ||
|---|---|---|---|
| 003 | OSt | ||
| 005 | 20230614154648.0 | ||
| 008 | 210423s2009 xx 000 0 und d | ||
| 020 | _a978817319855 | ||
| 040 | _cAL | ||
| 041 | _aeng | ||
| 082 |
_a574.028 _223 _bDUTA |
||
| 100 |
_aDUTTA (Abhijit). _9101811 |
||
| 245 | _aExperimental biology: laboratory manual. | ||
| 260 |
_aNew Delhi _bNarosa Publishing House _c2009 |
||
| 300 |
_axi,313 _bPB |
||
| 365 |
_b260 _cINR |
||
| 906 | _abiology: ; Experimental ; laboratory ; manual. | ||
| 942 |
_2ddc _cBK |
||
| 999 |
_c164108 _d164108 |
||